| 000 | 01088nam0a22003251 4500 | ||
|---|---|---|---|
| 001 | RU\NLR\INFOCOMM_41\5000242342 | ||
| 005 | 20250613085953.0 | ||
| 035 | _a(NLR Aleph) 009048249 | ||
| 090 |
_a9567348 _c9567348 |
||
| 100 | _a20080829d1988 |||y0rusy50 ca | ||
| 101 | 0 | _aeng | |
| 102 | _aRU | ||
| 105 | _ay z 000zy | ||
| 200 | 1 |
_aPopulation fecundity and abundance of year-classes of polar cod from the Barents Sea _eICES 1988 ELHS _fby V. K. Aldonov, I. V. Borkin, E. S. Tereshchenko |
|
| 210 |
_aΜ. _c[s. n.] _d1988 |
||
| 215 |
_a7 с. _d20 см |
||
| 300 | _aБез тит. л. и обл. | ||
| 320 | _aБиблиогр.: с. 6 | ||
| 606 |
_aРыбы _xПопуляции _yБаренцево море _2nlr_sh1 |
||
| 686 |
_aЕ681.37 _2rubbk |
||
| 700 | 1 |
_aAldonov _bV. K. _gVladislav Konstantinovič _4070 |
|
| 701 | 1 |
_aBorkin _bI. V. _4070 |
|
| 701 | 1 |
_9z01790 _aTereščenko _bE. S. _4070 |
|
| 790 | 1 |
_9z01701 _aTereshchenko _bE. S. _4070 |
|
| 801 | 1 |
_aRU _bNLR _c20080829 |
|
| 801 | 0 |
_aRU _bNLR _gPSBO |
|
| 852 |
_aNLR _jЗ01 Д-4/131 |
||
| 942 | _cBOOK | ||
| 980 | _aNB | ||